| 000 | 01303cam a2200349 a 4500 | ||
|---|---|---|---|
| 001 | 4463616 | ||
| 003 | ARRUPE | ||
| 005 | 20150813020030.0 | ||
| 008 | 880217s1984 ilu b 001 0 eng | ||
| 010 | _a83004063 //r85 | ||
| 020 | _a0875483690 : | ||
| 035 | _a(OCoLC)9325132 | ||
| 035 | _a(OCoLC)ocm09325132 | ||
| 035 | _a(NNC)4463616 | ||
| 040 |
_dCStRLIN _cdfd |
||
| 050 | 0 |
_aB2430.M254 _bP47 1984 |
|
| 090 |
_aB2430.M254 _bP47 1984 |
||
| 245 | 0 | 4 |
_aThe Philosophy of Gabriel Marcel / _cedited by Paul Arthur Schilpp and Lewis Edwin Hahn. |
| 250 | _a1st ed. | ||
| 260 |
_aLa Salle, Ill. : _bOpen Court Pub. Co., _cc1984. |
||
| 300 |
_axviii, 624 p. ; _c24 cm. |
||
| 490 | 1 |
_aLibrary of living philosophers ; _vv. 17 |
|
| 500 | _aIncludes index. | ||
| 505 | 0 | _aAn autobiographical essay -- Descriptive and critical essays on the philosophy of Gabriel Marcel, with replies -- A bibliography of the writings of Gabriel Marcel / compiled by François H. Lapointe. | |
| 600 | 1 | 0 |
_aMarcel, Gabriel, _d1889-1973. _94472 |
| 700 | 1 |
_aMarcel, Gabriel, _d1889-1973. _94472 |
|
| 700 | 1 |
_aSchilpp, Paul Arthur, _d1897-1993. _910285 |
|
| 700 | 1 |
_aHahn, Lewis Edwin, _d1908-2004. _912420 |
|
| 830 | 0 |
_aLibrary of living philosophers ; _vv. 17. _912421 |
|
| 942 |
_2lcc _cMONOGRAPH _01 |
||
| 999 |
_c121182 _d121182 |
||